| 000 | 00674nam a2200157 4500 | ||
|---|---|---|---|
| 999 |
_c16368 _d16368 |
||
| 008 | 220118b ||||| |||| 00| 0 eng d | ||
| 022 | _a0893-8989 | ||
| 082 | _aDPer 363.205 P75 Sept 2013-May 2016 v. 37 & 40, n. 9-11/1-5 | ||
| 100 |
_aGriffith, David. _943822 |
||
| 245 |
_aTough and ready: _bthe trident case-arkon system offers you serious protection for your digital devices in a quick-release vehicle mount/ _cDavid Griffith. |
||
| 260 |
_aCalifornia: _bBobit Business Media, _c©Sept 2013-May 2016. |
||
| 300 |
_av37 n10, page 12; _billustrations; _c27 cm. |
||
| 500 | _aPolice: the law enforcement magazine. | ||
| 650 |
_aPolice _xVehicles. _943823 |
||
| 942 |
_2ddc _cPER |
||